|
|
|
|
| LEADER |
00969nam a2200241 a 4500 |
| 001 |
3117792 |
| 003 |
BD-DhAAL |
| 008 |
090907s1967 caua b 000 0 eng d |
| 999 |
|
|
|c 3884
|d 3884
|
| 010 |
|
|
|a \\\67026846
|
| 040 |
|
|
|a DLC
|c DLC
|d DLC
|d BD-DhAAL
|
| 082 |
0 |
0 |
|a 373.246
|2 17
|
| 100 |
1 |
|
|a Mager, Robert Frank,
|d 1923-
|9 31010
|
| 245 |
1 |
0 |
|a Developing vocational instruction /
|c by Robert F. Mager and Kenneth M. Beach, Jr.
|
| 260 |
|
|
|a Palo Alto, Calif. :
|b Fearon Publishers,
|c 1967
|
| 300 |
|
|
|a x, 83 p. :
|b ill. ;
|c 21 cm.
|
| 504 |
|
|
|a Bibliography: p. 78-83.
|
| 541 |
1 |
|
|e 00005217
|
| 650 |
|
0 |
|a Vocational education
|x Study and teaching.
|9 31011
|
| 700 |
1 |
|
|a Beach, Kenneth M.,
|e joint author.
|9 31012
|
| 852 |
4 |
|
|a Ayesha Abed Library
|j General shelf
|
| 942 |
|
|
|2 ddc
|c BK
|
| 952 |
|
|
|0 0
|1 0
|2 ddc
|4 0
|6 373_246000000000000_MAG_1967
|7 0
|9 3533
|a BRACUL
|b BRACUL
|c GEN
|d 2009-09-13
|g 0.00
|l 0
|o 373.246 MAG
|p 3010005217
|r 2009-09-13
|t 1
|w 2009-09-13
|y BK
|x No price found in the accession register.
|